Statistics for Country Location Quiz

Click here to take the quiz!

General Stats

  • This quiz has been taken 50 times
  • The average score is 12 of 13

Answer Stats

NorthEastSouthWestAnswer% Correct
EgyptEritreaUgandaChadSudan
96%
BrazilBrazilArgentinaBrazilParaguay
96%
GeorgiaAzerbaijanIranTurkeyArmenia
96%
TurkeyIranSaudi ArabiaSyriaIraq
96%
ChinaVietnamThailandThailandLaos
96%
EcuadorBoliviaWaterWaterPeru
93%
LatviaRussiaUkrainePolandBelarus
93%
AustriaCroatiaCroatiaItalySlovenia
91%
SerbiaBulgariaGreeceAlbaniaMacedonia
91%
AlgeriaChadNigeriaBeninNiger
91%
ZambiaSouth AfricaSouth AfricaNamibiaBotswana
91%
ChinaIndiaIndiaIndiaBhutan
89%
Saudi ArabiaYemenEthiopiaSudanEritrea
80%

Score Distribution

Percentile by Number Answered

Percent of People with Each Score

Your Score History

You have not taken this quiz